000 00871nam a2200229Ia 4500
003 GCL
008 140319s9999 xx 000 0 ara d
020 _a9711213977
040 _aGCL /
_cGCL
082 0 4 _a372.832
_bم م
100 1 _aهانى عياد
245 1 0 _aالمواطنة فى التعليم /
_cهانى عياد
700 1 _aمجموعة شباب القاهرة
250 _aالاولى
260 _aالقاهرة :
_bالهيئة القبطية الانجيلية للخدمات الاجتماعية - قسم التنمية الثقافية ،
_c2005
300 _a157 ص ؛
_c24 سم
490 _aاصدارات منتدى حوار الثقافات
_v26
650 0 4 _aالمواطنة
650 0 4 _aالمواطنة فى التعليم
650 0 4 _aالوطنية - الجوانب الاخلاقية و الدينية
942 _2ddc
_cBK
999 _c8943
_d8943